000 00336nam 22001453 4500
001 32705
010 _a0-04-551032-6
090 _a32705
100 _a20260413d u||y0pory50 ba
101 _aeng
200 _aAtmospheric Processes
_fJames D. Hanwell
210 _aLondon
_cGeorge Allen & Unwin
_d1980
317 _5INMG
801 _gISBD
942 _n0